Analýza zabezpečovacích nástrojov úveru diplomová práca

Enregistré dans:
Détails bibliographiques
Auteur principal: Benedeová, Mária
Collectivité auteur: Fakulta podnikového manažmentu EU. Katedra podnikových financií
Autres auteurs: Hyránek, Eduard, 1955-
Format: Livre
Langue:slovaque
Publié: Bratislava 2012
Tags: Ajouter un tag
Pas de tags, Soyez le premier à ajouter un tag!

MARC

LEADER 00000nbm a2200000 4500
001 0152516
005 20161109102042.3
041 0 |a slo 
044 |a SK 
245 1 0 |a Analýza zabezpečovacích nástrojov úveru  |b diplomová práca  |c Mária Benedeová ; školiteľ: Eduard Hyránek 
264 1 |a Bratislava  |c 2012 
300 |a 80 s. 
100 1 |a Benedeová, Mária 
700 1 |a Hyránek, Eduard, 1955- 
710 2 |a Fakulta podnikového manažmentu EU. Katedra podnikových financií